000 00933 a2200265 4500
005 20080908144051.0
008 080908t xxu||||| |||| 00| 0 eng d
010 _aENG-87644
020 _a007065980X
_c299.00
035 _aEN-71177
037 _bDBAD / PUB
082 _a659.1
100 _aSugars, Bradley J.
245 _aInstant leads
_cBradley J. Sugars.
260 _aNew Delhi
_bTata McGraw-Hill Publishing
_c2007
300 _axix, 173p.
_bill.
_c23 cm.
490 _aInstant success series
500 _aIncludes bibliographical references
650 _aAdvertising, Classified.
650 _aAdvertising, Newspaper.
650 _aAdvertising
_xLanguage.
650 _aSelling.
942 _adpl
_cEN
_k659.1 / SUG
_2ddc
_h659.1
_mSUG
999 _c6777
_d6777